Η επίδραση καινοτόμων προσεγγίσεων στη δημιουργία κοινότητας μάθησης : η εφαρμογή θεατρικών τεχνικών στο μάθημα της χημείας της Β' γυμνασίου : διπλωματική εργασία
Αποθηκεύτηκε σε:
| Κύριος συγγραφέας: | |
|---|---|
| Συγγραφή απο Οργανισμό/Αρχή: | |
| Άλλοι συγγραφείς: | |
| Μορφή: | Thesis Βιβλίο |
| Γλώσσα: | Greek |
| Δημοσίευση: |
2009
|
| Θέματα: | |
| Διαθέσιμο Online: | http://hdl.handle.net/11610/14150 |
| Ετικέτες: |
Προσθήκη ετικέτας
Δεν υπάρχουν, Καταχωρήστε ετικέτα πρώτοι!
|
MARC
| LEADER | 00000cam a2200000 i 4500 | ||
|---|---|---|---|
| 001 | 1/9779 | ||
| 008 | 100727s2009 gre d | ||
| 035 | |l 10108771 | ||
| 040 | |a GR-MY-UA |b gre |e aacr | ||
| 041 | 0 | |a gre | |
| 082 | 0 | |a 372.872 |2 (22) | |
| 100 | 1 | |a Παπασιδέρης, Σπυρίδων Γ. | |
| 245 | 1 | 2 | |a Η επίδραση καινοτόμων προσεγγίσεων στη δημιουργία κοινότητας μάθησης : |b η εφαρμογή θεατρικών τεχνικών στο μάθημα της χημείας της Β' γυμνασίου : διπλωματική εργασία / |c Σπυρίδων Γ. Παπασιδέρης ; επιβλέπων: Ιωάννης Χατζηγεωργίου |
| 260 | |c 2009 | ||
| 300 | |a 188 σ.; |c 30 εκ. | ||
| 500 | |a Μέλη εξεταστικής επιτροπής: Αγγελική Γιαννικοπούλου, Γεώργιος Φεσάκης | ||
| 502 | |a Διατριβή (μεταπτυχιακή) – Πανεπιστήμιο Αιγαίου, Ρόδος, 2009. | ||
| 504 | |a Βιβλιογραφία: σ. 141-149 | ||
| 650 | 0 | 0 | |a Music |x Instruction and study |x Juvenile. |
| 650 | 0 | 0 | |a School music |x Instruction and study |x Activity programs. |
| 650 | 0 | 0 | |a Dissertations, Academic |z Greece. |
| 700 | 1 | |a Χατζηγεωργίου, Γιάννης. |4 ths | |
| 710 | 2 | |a Πανεπιστήμιο Αιγαίου |b Σχολή Ανθρωπιστικών Επιστημών |b Τμήμα Επιστημών της Προσχολικής Αγωγής και του Εκπαιδευτικού Σχεδιασμού |b Πρόγραμμα Μεταπτυχιακών Σπουδών Μοντέλα Σχεδιασμού και Ανάπτυξης Εκπαιδευτικών Μονάδων . | |
| 852 | |a INST |b RHODES |c DIATR |e 20110404 |h 372.872 ΠΑΠ |p 005400032896 |q 005400032896 |t MTXE |y 23 | ||
| 852 | |a INST |b RHODES |c DIATR |e 20110404 |h 372.872 ΠΑΠ |p 005400032897 |q 005400032897 |t MTXE |y 23 | ||
| 856 | |u http://hdl.handle.net/11610/14150 | ||
| 901 | |a BIBL4-2010-2 | ||
| 909 | |a Ρ |b 163389 | ||
| 909 | |a Ρ |b 163390 | ||
| 924 | |a ΠΑΠΑΣΙΔΕΡΗΣ |b ΣΠΥΡΙΔΩΝ |y ΡΟΔΟΣ |z 2010-07 | ||
| 970 | |a ΚΟΖΑ |b ΜΑΡΙΑ |z 2010/07/27 | ||